[Event "Pokal 2022"]
[Site "Turnierstufe"]
[Date "2022.03.22"]
[Round "Qualifikation"]
[White "Prisma"]
[Black "Mach III 20 Mhz"]
[Result "0-1"]
[BlackElo "2044"]
[WhiteElo "1859"]

1.d4 Nf6 2.Nf3 g6 3.c4 Bg7 4.Nc3 { Buchende. } 4...d6 5.e4 O-O
{ Wieder aus dem Buch: } 6.Be2 e5 7.O-O Nbd7 8.Re1 c6 9.Bf1
{ Erneut Buchende. } 9...a5 10.Be3 Qc7 { Buchende. } 11.Bd3 Ng4 12.Qe2 Nxe3
13.Qxe3 exd4 14.Nxd4 Qb6 15.Nb3 $2 a4 $1 16.Qxb6 Nxb6 17.Nd2 a3 18.Rad1 Bg4
19.f3 Be6 20.Ncb1 axb2 { Der Sargnagel. } 21.a3 Bd4+ 22.Kh1 Bc5 23.g3 Nd7
24.Nb3 Ne5 25.Nxc5 dxc5 26.f4 Ng4 27.Kg1 Ra6 28.f5 Bc8 29.fxg6 hxg6 30.Rd2
Ne5 31.Be2 Rb6 32.Rf1 Be6 33.Rc2 Rd8 34.Rf6 { (-1.99) } 34...Rd4 35.a4 Bxc4
{ (+4.09) } 36.a5 { (-3.46) } 36...Rb5 37.h4 Rxe4 38.Rf2 Kg7 39.Kf1 Ng4
40.Bxc4 Ne3+ { (+5.57) } 41.Kg1 { (-5.06) } 41...Nxc4 42.Kh2 Re1 43.Na3 Ra1
44.Rxc4 Rxa3 45.Rf1 { (-8.29) } 45...Ra1 { (+9.62) } 0-1

[Event "Pokal 2022"]
[Site "Turnierstufe"]
[Date "2022.03.23"]
[Round "Qualifikation"]
[White "GK 2000"]
[Black "Polgar"]
[Result "1/2-1/2"]
[BlackElo "2022"]
[WhiteElo "1936"]

1.d4 d5 2.c4 dxc4 3.Nf3 Nf6 4.e3 e6 5.Bxc4 c5 6.O-O a6 7.Qe2 b5 8.Bb3 Bb7
9.Rd1 { Buchende. } 9...Nbd7 { Buchende. } 10.a4 Bd6 11.axb5 axb5 12.Rxa8
Qxa8 13.dxc5 Bxc5 14.Na3 b4 15.Nc2 O-O 16.Bd2 Bxf3 17.gxf3 Qb8 18.h3
{ Hier ist wohl 18.f4 zu bevorzugen. } 18...Rd8 19.Ne1 Bd6 20.Nd3 Qb5 21.e4
Nc5 22.Bc2 b3 23.Bb1 Nxd3 24.Bxd3 Qh5 25.Kg2 Be5 26.Be3 h6 27.Rf1 Bxb2 28.Rb1
Qg6+ 29.Kh1 Be5 30.Rxb3 Qh5 31.Kg2 Rb8 $2
{ Wirft den schwarzen Vorteil weg. } 32.Rxb8+ Bxb8 33.Qc2 Bd6 34.f4 Bf8
35.Bd4 Nd5 36.Qd2 Qg6+ 37.Kf3 Nb4 38.Bf1 f5 39.exf5 exf5 40.Bg2 Kh7 41.Bc3
Nc6 42.Qd7 Be7 43.Bb2 h5 44.Be5 Bh4 45.Bc3 Ne7 46.Qb5 $2 Qe6 $1 47.Be5 Qa2
48.Qf1 g5 49.Bh1 gxf4 50.Qe2 { (-0.4) } 50...Qd5+ { (+3.86) } 51.Kxf4
{ (-1.9) } 51...Ng6+ 52.Kxf5 Qf7+ 53.Ke4 Nxe5 54.f4 Qb7+ 55.Kf5 Qd7+ 56.Ke4
Qc6+ 57.Ke3 Qc3+ 58.Ke4 Ng6 59.Qxh5+ Kg7 60.Qf3 Qc4+ 61.Ke3 Qc1+ 62.Ke4 Qc2+
63.Ke3 Be7 64.Qg2 Bc5+ 65.Kf3 Qd3+ 66.Kg4 Qd1+ 67.Qf3 Qd7+ 68.Kg3 Qd2 69.Kg4
Kh6 70.h4 Qh2 71.Bg2 Qxh4+ 72.Kf5 Kg7 73.Qc3+ Kh7 74.Qd2 Qe7 75.Bh1 Kg7
76.Qb2+ Kg8 77.Qa2+ Qf7+ 78.Qxf7+ Kxf7 79.Ke4 Kf6 80.Bf3 Bd6 81.f5 Ne7 82.Bg2
Nxf5 { Remis gegeben. } 1/2-1/2

[Event "Pokal 2022"]
[Site "Turnierstufe"]
[Date "2022.03.25"]
[Round "Qualifikation"]
[White "Polgar"]
[Black "GK 2000"]
[Result "0-1"]
[BlackElo "1938"]
[WhiteElo "2020"]

1.c4 c5 2.Nc3 Nf6 3.Nf3 d5 4.cxd5 Nxd5 { Buchende. } 5.e3 Nxc3 6.bxc3 g6
7.Bb5+ { Buchende. } 7...Bd7 8.Rb1 Bg7 9.Bxd7+ Qxd7 10.d4 O-O 11.Ba3 b6
12.O-O Qc6 13.Re1 Rd8 14.e4 Nd7 15.Qe2 a6 16.Bc1 Ra7 17.Bg5 Qe6 18.Rbd1 Re8
19.e5 Raa8 20.d5 Qf5 21.Qe4 Qxe4 22.Rxe4 h6 23.Bf4 f5 24.exf6 exf6 25.Rde1
Rxe4 26.Rxe4 Kf7 27.Bd6 Re8 28.Rxe8 Kxe8 29.Nd2 f5 30.c4 Ne5 31.f4 Nd3 32.Kf1
Kd7 33.Bb8 b5 34.Ke2 Nc1+ 35.Kd1 Nxa2 36.Be5 Bxe5 37.fxe5 Nb4 38.Nb3 Nd3
39.e6+ Ke7 40.Na5 Nb4 41.Nb7 bxc4 42.Nxc5 Nxd5 43.Kd2 a5 44.Kc1 Nf4 45.g3
Nxe6 $2 ( 45...Nd3+ $1 46.Nxd3 cxd3 47.Kd2 Kxe6 48.Kxd3 Kd5 ) 46.Na4 Kd6
47.Kc2 g5 48.Nb2 Kc5 49.Kc3 f4 50.Nxc4 a4 51.Nd2 Nc7 52.Ne4+ Kd5 53.Nd2 Na6
54.gxf4 gxf4 55.h3 Kc5 56.Nf1 Nc7 57.Kb2 Kb4 58.Nd2 Ne6 59.Ne4 a3+ 60.Ka2 f3
61.h4 Nf4 62.Ka1 Nd3 63.Nd2 f2 64.Nf1 Ne5 65.Ka2 Ng6 66.h5 Nf4 67.Ne3 Nxh5
68.Nf1 Nf6 69.Nh2 Ne4 70.Nf1 { und Aufgabe. } 0-1

[Event "Pokal 2022"]
[Site "Turnierstufe"]
[Date "2022.03.26"]
[Round "Qualifikation"]
[White "Travel Champion 2100"]
[Black "Emerald"]
[Result "1/2-1/2"]
[BlackElo "1887"]
[WhiteElo "2025"]

1.e4 e5 2.Nf3 Nc6 3.Bc4 Bc5 4.c3 Nf6 5.d4 exd4 6.cxd4 Bb4+ 7.Nc3 Nxe4 8.O-O
Bxc3 9.d5 Bf6 10.Re1 Ne7 11.Rxe4 { Buchende. } 11...d6 { Buchende. } 12.Qa4+
Kf8 $2 13.Re2 Kg8 14.Bf4 Bg4 15.Qb3 Ng6 16.Bg3 Ne5 17.Bxe5 Bxe5 18.Qxb7 Bxf3
19.gxf3 Qg5+ 20.Kf1 Rf8 21.Rae1 Qh4 22.Re4 Qxh2 23.Ba6 Qh5 24.Rg4 f5 25.Rc4
Re8 26.Re3 f4 27.Ree4 Qxf3 28.Qb5 Rf8 29.Qd7 Qd3+ 30.Kg1 Qb1+ 31.Kh2 h6
32.Rxe5 dxe5 33.Rxc7 Qg6 34.Qe6+ $2 ( 34.Bd3 Qf7 35.Qe6 Qxe6 36.dxe6 g5
37.Bg6 h5 38.e7 Rh6 39.Bh7+ Kf7 40.exf8=Q+ Kxf8 41.Rxa7 ) 34...Qxe6 35.dxe6
Rb8 36.Bd3 h5 37.Rxa7 g5 38.a4 Rc8 $2 39.Ba6 $1 Rb8 40.Bb5 g4 41.e7 Rh7
42.Rd7 ( 42.e8=Q+ Rxe8 43.Rxh7 Rc8 44.Rxh5 ) 42...Re8 43.Rd8 Kf7 44.Bxe8+ Ke6
45.Bb5 Rxe7 46.Bc4+ Kf5 47.Rh8 Kg5 48.Rg8+ Kh4 49.Rf8 Rd7 50.b3 Rd2 51.Kg1
Kg5 52.Rg8+ Kf6 53.a5 Rd1+ 54.Kg2 e4 55.a6 Ra1 56.Re8 Kf5 57.b4 Ra4 58.Bb5
Ra1 59.Bd7+ Kf6 60.Rxe4 f3+ 61.Kg3 Rxa6 62.Be8 Kf5 63.Rc4 Ra1 64.Rc5+ Ke4
65.Bg6+ Kd4 66.Bxh5 Rg1+ 67.Kf4 g3 68.Kxf3 gxf2 69.Kxf2 Rb1 70.Rb5 Kc3 71.Ke3
Rxb4 72.Rxb4 Kxb4 1/2-1/2

[Event "Pokal 2022"]
[Site "Turnierstufe"]
[Date "2022.03.29"]
[Round "Qualifikation"]
[White "Emerald"]
[Black "Travel Champion 2100"]
[Result "0-1"]
[BlackElo "2021"]
[WhiteElo "1891"]

1.e4 c6 2.d4 d5 3.exd5 cxd5 4.c4 Nf6 5.Nc3 e6 6.Nf3 Be7 7.cxd5 Nxd5 8.Bd3
{ Buchende. } 8...Nd7 9.Nxd5 exd5 { Buchende. } 10.Qb3 Nb8 $2 11.O-O Nc6
12.Bf4 O-O 13.Rac1 Bf6 14.Rfe1 Bg4 15.Qxb7 Nxd4 16.Bc7 Qd7 17.Ne5 Bxe5
18.Rxe5 Be6 19.Rh5 Bf5 20.Bxf5 Nxf5 21.Rh3 Nd4 22.Re3 $2 Rac8 23.a4 $2 Qxa4
( 23...Ne6 { -3.00 } 24.Ree1 Rxc7 25.Rxc7 Qxc7 26.Qxd5 Rb8 27.b4 Rxb4 )
24.Ree1 Qd7 25.Qxa7 Nc6 26.Rxc6 Qxc6 27.Be5 Rfe8 28.Qa5 Qe6 29.f4 Rc2 30.Re3
Rxb2 31.Bd4 Rb1+ 32.Kf2 Qc8 33.Qxd5 Qc2+ 34.Kg3 Rxe3+ 35.Bxe3 h6 36.Kh4 Rb2
37.Bd4 Qxg2 38.Qxg2 Rxg2 39.h3 f5 40.Kh5 g6+ 41.Kxh6 Kf7 42.h4 Rg4 43.Bf2
Rxf4 44.Be1 Rf1 45.Bd2 f4 46.Kg5 f3 47.Be3 Ke6 48.Kf4 Kd5 49.Ba7 Kc4 50.Ke4
Kb4 51.Ke3 Kb3 52.Bb8 Kc4 53.Bf4 Kd5 54.Bg3 Kc5 55.Bc7 Kc6 56.Bf4 Kd7 57.Bg3
Ke6 58.Bf2 Kf5 59.Kxf3 Rh1 $2 ( 59...Rxf2+ 60.Kxf2 Kg4 61.h5 Kxh5 62.Kg3 Kg5
{ 0:1 } ) 60.Ke3 Rh3+ 61.Kd4 Kf4 62.Be1 Kf3 63.Kd5 Rh1 64.Bc3 Rxh4 65.Bf6 g5
66.Be7 Rh5 67.Kd6 g4 68.Bd8 g3 69.Kc6 g2 70.Bb6 Rh6+ 71.Kc7 Rxb6 72.Kxb6
0-1

[Event "Pokal 2022"]
[Site "Turnierstufe"]
[Date "2022.03.31"]
[Round "Qualifikation"]
[White "Kishon Chesster"]
[Black "Regency"]
[Result "1-0"]
[BlackElo "1802"]
[WhiteElo "1860"]

1.e4 e6 2.d4 { Buchende. } 2...c5 3.Nf3 cxd4 4.Nxd4 a6 5.Nc3 Nc6 6.Nxc6 bxc6
7.Bd3 d5 { Buchende. } 8.O-O Bb4 9.Bd2 Nf6 10.e5 Nd7 11.Qg4 Bxc3 12.Bxc3 O-O
13.Qh5 h6 14.a3 c5 15.b3 Qc7 16.Bb2 c4 17.bxc4 dxc4 18.Be4 Rb8 19.Bc3 Bb7
20.Bxb7 Rxb7 21.Rfd1 Rfb8 22.a4 Qc6 23.Qh4 Qc5 24.Qf4 Nf8 25.a5 Ng6 26.Qe4
Rb5 27.Re1 Kh7 28.Rad1 Qa3 29.Qf3 Nh4 30.Qh3 Ng6 31.Rd7 R8b7 32.Rxb7 Rxb7
33.Qf3 Rb5 34.Qe3 Nxe5 { Ouhhh,nicht gerade angenehm...: } 35.Qg3 Ng4 36.Rd1
Nf6 37.h3 Rg5 38.Ra1 Qxa1+ 39.Bxa1 Rxg3 40.fxg3
{ ... Meine Lage könnte ein bisschen besser sein. } 40...Nd5 41.Bd4 Nb4 42.c3
Na2 43.Kf1 f6 44.Ke2 e5 45.Ke3 exd4+ $2 ( 45...Kg6 { -3.61 } 46.Ke4 exd4
47.Kxd4 Kf5 48.Kxc4 Ke5 49.Kc5 Nxc3 50.Kb6 Kd6 51.Kxa6 Kc6 ) 46.Kxd4 Nc1
47.Kxc4 Ne2 48.Kc5 Nxg3 $2 49.Kb6 Kg6 50.Kxa6 Ne4
{ Ich schwör', ich hab' gewusst, dass du vermasselst: } 51.Kb6
{ Naja, so bin ich, wenn ich mich wirklich konzentriere. } 51...Nd6 52.a6 Kf5
53.c4 Ke6 54.Kc7 Ke5 55.a7 { Gib' auf! } 55...Nxc4 56.a8=Q Ne3 57.Qf8 Nf5
58.g4 Nd4 59.Qe7+ Kd5 60.Kd7 g5 61.Qxf6 Ke4 62.Qxh6 Nf3 63.Qc6+ Ke3 64.Ke7
Kf2 65.Kf6 Kg3 66.Qe4 Kg2 67.Qe3 Kg3 68.Ke6 Kg2 69.Kf5 Ng1 70.Qxg5 1-0

[Event "Pokal 2022"]
[Site "Turnierstufe"]
[Date "2022.04.01"]
[Round "Qualifikation"]
[White "Zircon II"]
[Black "Academy"]
[Result "0-1"]
[BlackElo "1967"]
[WhiteElo "1974"]

1.Nf3 d5 2.c4 c6 3.d4 Nf6 { Buchende. } 4.Ne5 { Buchende. } 4...dxc4 5.Nxc4
e6 6.e3 b6 7.Bd3 Bb7 8.O-O c5 9.Ne5 Qd5 10.Qa4+ Nbd7 11.f3 Qd6 12.Nxd7 Nxd7
13.Nc3 a6 14.dxc5 Qxc5 15.Rd1 b5 16.Qb3 Nf6 17.Bd2 Bd6 18.Ne2 O-O 19.Rac1 Qb6
20.Qc3 Rac8 21.Qa5 Bc7 22.Qxb6 Bxb6 23.Kh1 Nd5 24.Nd4 Rfd8 25.Be4 e5 26.Nb3
Rxc1 27.Rxc1 Ba8 28.Re1 g6 29.g4 Kg7 30.h4 Bc6 31.Ba5 Rd6 32.Rc1 Bb7 33.Bxb6
Rxb6 34.Na5 Ba8 35.Rc8 f5 36.Bb1 fxg4 37.Rxa8 gxf3 38.Ra7+ Kh6 39.Rf7 Rf6
40.Rxf6 Nxf6 41.Nc6 Ng4 42.e4 $2 ( 42.Kg1 Nxe3 43.Nxe5 Nd1 44.Be4 Nxb2
45.Bxf3 ) 42...Kh5 43.Nb4 a5 44.Nc6 Kxh4 45.Nxa5 Kg3 46.Nb3 h5 47.Bc2 Ne3
48.Bd3 b4 49.Nd2 Nd1 50.Bb5 g5 51.a3 g4 52.Be8 bxa3 53.bxa3 h4 54.Kg1 f2+
55.Kh1 Kf4 56.Nf1 Kxe4 57.Bb5 Nc3 58.Bd7 Kf4 59.Kg2 g3 60.Bc6 e4 61.Be8 e3
62.Bh5 Kg5 ( 62...e2 { #11 } 63.Bxe2 Nxe2 64.Nd2 Ng1 65.Kf1 h3 66.a4 h2
67.Kg2 Nf3 68.Kf1 Nxd2+ 69.Ke2 f1=Q+ 70.Kxd2 Qc4 71.Kd1 h1=Q+ 72.Kd2 Qhc1# )
63.Nxe3 Kxh5 64.Kf3 Nd5 65.Nf1 Nf4 66.a4 Nd3 67.a5 Ne1+ 68.Ke2 Nc2 69.a6 Nd4+
70.Ke3 Nb5 71.Kf3 Kg5 72.Nd2 Kf5 73.Nf1 Ke5 74.Kg2 $2 Kf4 75.a7 Nxa7 76.Nd2
{ und Aufgabe. } 0-1

[Event "Pokal 2022"]
[Site "Turnierstufe"]
[Date "2022.04.02"]
[Round "Qualifikation"]
[White "Turquoise"]
[Black "Star Sapphire"]
[Result "1/2-1/2"]
[BlackElo "2147"]
[WhiteElo "1985"]

1.Nf3 d5 2.c4 d4 3.g3 c5 4.b4 cxb4 5.a3 bxa3 6.Bxa3 Nc6 7.d3 g6 8.Bg2 Bg7
9.O-O Nh6 10.Nbd2 O-O 11.Ne1 Bd7 12.Nc2 Qc8 { Buchende. } 13.Nb4 Nxb4 14.Bxb4
{ Buchende. } 14...Re8 15.Ra5 b6 16.Ra2 Bh3 17.Bxa8 Qxa8 18.Nf3 Bxf1 19.Qxf1
a5 20.Bd2 e5 21.Qd1 Qc6 22.Qa4 Qxa4 23.Rxa4 f5 24.c5 bxc5 25.Rxa5 e4 26.Ng5
exd3 27.exd3 Ng4 28.Rxc5 Ne5 29.f4 Nxd3 30.Rc6 h6 31.Nf3 Kf7 32.Ba5 Re3
33.Kg2 Re2+ 34.Kg1 Ra2 35.Rc7+ Kg8 36.Bb6 Ra1+ 37.Kg2 Ne1+ 38.Kf2 Nxf3
39.Kxf3 Rb1 40.Ba5 Rb2 41.h3 Rb3+ 42.Kf2 Bf8 43.Rd7 Bc5 44.Kg2 d3 45.g4 Ra3
46.Bc7 Bb4 47.gxf5 gxf5 48.Bd6 Ra2+ 49.Kf3 Ba5 50.Bc5 Rd2 51.Be3 Rd1 52.Rd5
Bc3 53.Kf2 Kf7 54.Rxf5+ Ke8 55.Rc5 Be1+ 56.Kf3 Bb4 57.Rc8+ Ke7 58.Ke4 h5
59.Rh8 d2 60.Bxd2 Bxd2 61.Rxh5 Re1+ 62.Kf3 Bc3 63.h4 Bf6 64.f5 Kd6 65.Kf2 Ra1
66.Kg3 Ra3+ 67.Kf4 Ra4+ 68.Kf3 Bxh4 69.Rh7 Ke5 70.Rh5 Kf6 71.Ke3 Bg5+ 72.Ke2
Re4+ 73.Kd3 Re3+ 74.Kd4 Re1 75.Rh8 Kxf5 { Remis gegeben. } 1/2-1/2

[Event "Pokal 2022"]
[Site "Turnierstufe"]
[Date "2022.04.06"]
[Round "Qualifikation"]
[White "Star Sapphire"]
[Black "Turquoise"]
[Result "1-0"]
[BlackElo "1989"]
[WhiteElo "2143"]

1.e4 c6 2.d4 d5 3.exd5 cxd5 4.c4 Nf6 5.Nc3 e6 6.Nf3 Be7 7.cxd5 Nxd5 8.Bd3 Nc6
9.O-O O-O 10.Re1 Bf6 { Buchende. } 11.Be4 { Buchende. } 11...h6 12.Nxd5 exd5
13.Bc2 Re8 14.Rxe8+ Qxe8 15.Bf4 Nb4 16.Ne5 Nxc2 17.Qxc2 Qb5 18.Rc1 Be6 19.Qd2
Qa6 20.a3 Rc8 21.Rxc8+ Bxc8 22.Qc2 Qe6 23.Qc7 Be7 24.h3 g5 25.Bg3 f5 $2
26.Ng6 Bf8 27.Nxf8 Kxf8 28.Be5 Ke8 29.Qg7 Bd7 30.Bf6 Bb5 $2 31.Qxh6 Qe1+ $2
32.Kh2 Qxf2 $2 33.Qg6+ Kd7 34.Qf7+ Kc6 35.Qe6+ Kc7 36.Be5+ Kd8 37.Qxd5+ Bd7
38.Bf6+ Kc7 39.Qe5+ { Mattankündigung! } 39...Kc8 40.Qc5+ Bc6 { Aufgabe. }
41.Qf8+ Be8 42.Qxe8+ Kc7 43.Bd8+ Kd6 44.Qe5+ Kd7 45.Qe7+ Kc6 46.Qe6+ Kb5
47.Qd5+ Ka6 48.Qa5# 1-0

[Event "Pokal 2022"]
[Site "Turnierstufe"]
[Date "2022.04.11"]
[Round "Qualifikation"]
[White "Obsidian"]
[Black "Designer 2325"]
[Result "0-1"]
[BlackElo "2118"]
[WhiteElo "1970"]

1.e4 e5 2.Nf3 Nc6 3.Bb5 a6 4.Ba4 Nf6 5.O-O Be7 6.Re1 b5 7.Bb3 O-O 8.c3 d6
9.h3 Na5 10.Bc2 c5 11.d4 { Buchende. } 11...Qc7 12.Nbd2 Nc6 { Buchende. }
13.d5 Na5 14.Bd3 c4 15.Be2 Nb7 16.Qc2 Qa5 17.a4 Bd7 18.Ra3 Qc7 19.axb5 axb5
20.b3 cxb3 21.Rxb3 Nc5 22.Ra3 Ra4 23.Rxa4 bxa4 24.Ba3 Rb8 25.Rb1 Rb6 26.c4 g6
27.Rxb6 Qxb6 28.Nh2 Bf8 29.Nhf3 Bh6 30.Bd1 Kg7 31.Be2 Nh5 32.Nf1 Kh8 33.Bxc5
$2 { Angesichts des Freibauern, der nach a1 schaut, ein schlechter Tausch. }
33...Qxc5 34.N3h2 Nf6 35.Nf3 a3 36.N1d2 Qa5 37.Qa2 Qc3 38.Bf1 Qc1 39.Nb3 Qb2
40.Qxb2 axb2 41.Bd3 Nh5 42.Kh2 $2 f5 43.g3 $2 Nf6 44.Nfd2 fxe4 45.Bc2 Bf5
46.Bb1 e3 47.fxe3 Bxe3 48.Kg2 Bxd2 49.Bxf5 gxf5 50.Nxd2 Nd7 51.Nb1 Nb6 52.g4
f4 53.c5 dxc5 54.Kf3 Nxd5 55.Ke4 c4 { (+7.79) } 56.Kxd5 { und Aufgabe. }
0-1

[Event "Pokal 2022"]
[Site "Turnierstufe"]
[Date "2022.04.15"]
[Round "Qualifikation"]
[White "Ruby "]
[Black "Schachakademie"]
[Result "1-0"]
[BlackElo "1921"]
[WhiteElo "1949"]

1.e4 d5 2.exd5 Nf6 3.d4 Nxd5 4.c4 Nf6 { Buchende. } 5.Nf3 { Buchende. }
5...Nbd7 $2 6.Bd3 g6 7.O-O Nb6 8.Re1 Bg7 9.Bf4 Bg4 10.h3 Bxf3 11.Qxf3 O-O
12.Qe3 c5 13.Nd2 cxd4 14.Qxe7 Qc8 15.Rad1 Re8 16.Qd6 Qd7 17.Qxd7 Nfxd7 18.b3
Nc5 19.Be2 Nbd7 20.a3 a6 21.b4 Ne6 22.Bd6 Ng5 23.h4 Ne6 24.Bf3 Ra7 25.Nb3 Rd8
26.Bg4 Ndf8 27.Be7 Re8 28.Bxf8 Kxf8 29.Bxe6 Rxe6 30.Rxe6 fxe6 31.Nxd4 Ke7
32.Kf1 Ra8 33.Nf3 Rc8 34.c5 b6 35.cxb6 Rb8 36.Rc1 Rxb6 37.Rc7+ Kf8 38.Nd2 Rb5
39.Ne4 Bb2 40.Nd6 Rd5 41.Nc4 Rd1+ 42.Ke2 Rc1 43.a4 Bf6 44.g3 Rc2+ 45.Ke3 Be5
46.Rc6 Bb2 47.Ne5 Rc3+ 48.Ke4 Rxc6 49.Nxc6 Ba3 50.a5 Ke8 51.b5 axb5 52.a6 Bc5
53.a7 Bxa7 54.Nxa7 b4 55.Kd3 b3 56.Kc3 Kd7 57.Kxb3 e5 58.Kc4 Kd6 59.Kd3 Kd5
60.f3 Kc5 61.Nc8 Kd5 62.Nb6+ Kc5 63.Nd7+ Kd5 64.Nf6+ Ke6 65.Nxh7 Ke7 66.Ke4
Ke6 67.Ng5+ Kd7 68.Kd5 Kd8 { (-5.1) } 69.Nf7+ Ke7 70.Nxe5 { (+8.04) } 1-0

[Event "Pokal 2022"]
[Site "Turnierstufe"]
[Date "2022.04.16"]
[Round "Qualifikation"]
[White "Super Forte C6 sel.4"]
[Black "Modena"]
[Result "1-0"]
[BlackElo "1970"]
[WhiteElo "1991"]

1.e4 e5 2.Nf3 Nf6 3.d4 exd4 4.Bc4 Nxe4 5.Qxd4 Nf6 6.Bg5 Be7 7.Nc3
{ Buchende. } 7...c6 { Buchende. } 8.Bb3 d5 9.O-O-O O-O 10.Rhe1 Be6 11.Qd2
Nbd7 12.Nd4 Nc5 13.Nxe6 Nxe6 14.h4 Nc5 15.f3 Re8 16.g4 Qc7 17.h5 Qg3 18.Rf1
Bd6 19.h6 gxh6 { (+1.50) } 20.Bxh6 { (-0.52) } 20...Ne6 { (+0.68) } 21.Ne2
Qh2 22.Rh1 Qg2 23.Rhg1 Qf2 24.Be3 Qh2 25.Rde1 Nc5 $2 26.Bd4
{ Der zweitbeste Zug, noch besser: 26. Th1! } 26...Nxb3+ 27.axb3 Be5 28.Rh1
$2 { Besser einfach 28. Dg5+! } 28...Bxd4 29.Qg5+ Kh8 $2 30.Nxd4 Rxe1+
31.Rxe1 Nd7 32.Nf5 Rg8 33.Qe7 Qf4+ 34.Kb1 { (+2.48) } 34...Qxf3 { (-1.78) }
35.Qxd7 Qxg4 36.Re8 h6 37.Qxf7 Rxe8 38.Qxe8+ Kh7 39.Qf7+ Kh8 40.Qf8+ Kh7
41.Qxh6+ Kg8 42.Qe6+ Kh7 43.Qf7+ Kh8 44.c3 a6 45.Qe8+ Kh7 46.Qd7+ Kh8 47.Ka2
b6 48.Qe8+ Kh7 49.Qf7+ Kh8 50.b4 a5 51.Ne7 Qg7 52.Qe8+ Kh7 53.bxa5 bxa5
54.Qh5+ Qh6 55.Qxh6+ Kxh6 56.Nxc6 { (+6.58) } 56...a4 { und Aufgabe. } 1-0

[Event "Pokal 2022"]
[Site "Turnierstufe"]
[Date "2022.04.25"]
[Round "Runde 1"]
[White "Master Chess"]
[Black "Berlin Pro"]
[Result "1-0"]
[BlackElo "2265"]
[WhiteElo "2118"]

1.c4 e5 2.Nc3 Nf6 3.g3 d5 4.cxd5 Nxd5 5.Bg2 { Buchende. } 5...Nb6 6.d3 Be7
7.Nf3 Nc6 8.O-O O-O 9.a3 Re8 10.b4 Bf8 { Buchende. } 11.Nd2 Re6 $2 12.Bb2 Rh6
$2 { Der Turm begibt sich ins Abseits. } 13.b5 Nd4 14.a4 Bh3 15.Bxh3 Rxh3
16.e3 Ne6 17.a5 Nd5 18.Nc4 Nxc3 $2 19.Bxc3 Qd5 20.Qg4 Rh6 21.Nxe5 Rd8 22.Qf5
Rf6 23.Qe4 Qxe4 24.dxe4 Ng5 25.f3 Bc5 26.h4 Ne6 27.a6 Rh6 28.Ng4 Rh5 29.axb7
Rb8 30.Kf2 Rxb7 31.Rfb1 Bd6 32.e5 Bc5 33.f4 Rb8 34.Kf3 Rb7 35.Nf2 Be7 36.Rd1
Bc5 37.Bd4 Be7 38.e4 Rxb5 39.Bxa7 c5 40.Rd7 Kf8 41.Bxc5 $1 Rxc5 42.Raa7 Rc3+
43.Kg4 Rh6 44.f5 Nd8 45.Rxe7 Ra6 46.Kf4 Rxa7 47.Rxa7 Rc2 48.Nd3 Rc3 49.Nb4
Rc8 50.Nd5 Nc6 51.Ra6 Nd4 52.e6 fxe6 53.fxe6 h6 54.Ke5 Nf3+ 55.Kf5 Re8 56.Kg6
Ne5+ 57.Kh7 Ng4 58.h5 Nf6+ 59.Nxf6 gxf6 60.Kg6 Ke7 61.Kf5 Rb8 62.Ra7+ Kf8
63.Kxf6 Kg8 64.e5 Rb6 65.Rd7 Kh8 66.Rd8+ Kh7 67.g4 Ra6 68.Rd6 Ra4 69.Rd7+
{ Mattankündigung. } 69...Kg8 70.e7 Rf4+ 71.Ke6 Rf8 72.Rd8 Rxd8 73.exd8=Q+
Kh7 74.Qe7+ Kh8 75.Kf6 Kg8 76.Qg7# 1-0

[Event "Pokal 2022"]
[Site "Turnierstufe"]
[Date "2022.04.26"]
[Round "Runde 1"]
[White "Magellan"]
[Black "Designer 2100"]
[Result "1-0"]
[BlackElo "1916"]
[WhiteElo "2231"]

1.d4 Nf6 2.Nf3 g6 3.c4 Bg7 4.g3 O-O 5.Bg2 d6 { Buchende. } 6.O-O
{ Buchende. } 6...c5 7.e3 Nc6 8.b3 Bf5 9.Bb2 Qa5 10.d5 Nb4 11.a3 Nc2 12.Bxf6
{ (+0.5) } 12...Nxa1 { (+0.34) } 13.Bxg7 Kxg7 14.Nbd2 Nc2 15.e4 Bxe4 16.Nxe4
Nxa3 17.Qa1+ Kg8 18.Qc1 f6 { Noch die beste Verteidigung. } 19.Bh3 Qb4 $2
{ Nun schlägt der Königsangriff durch. } 20.Qh6 Rf7 21.Be6 Rf8 22.Nfg5
{ Mattankündigung. } 22...fxg5 23.Nxg5 Kh8 24.Nxf7+ Kg8 25.Ng5+ Rf7 26.Bxf7+
Kh8 27.Qxh7# 1-0

[Event "Pokal 2022"]
[Site "Turnierstufe"]
[Date "2022.04.27"]
[Round "Runde 1"]
[White "Sapphire"]
[Black "MM V"]
[Result "1-0"]
[BlackElo "1971"]
[WhiteElo "2042"]

1.c4 e5 2.Nc3 Nf6 3.Nf3 Nc6 4.g3 Bb4 5.Bg2 O-O 6.O-O e4 7.Ng5 Bxc3 8.bxc3 Re8
{ Buchende. } 9.Qc2 d5 10.cxd5 Qxd5 11.d3 Bf5 12.Qb2 { Buchende. } 12...Rab8
13.Bf4 Qa5 14.Qb3 Bg6 15.Rfd1 exd3 16.exd3 h6 17.Ne4 Bxe4 18.Bxe4 g5 $1
19.Be3 Nxe4 20.dxe4 Rxe4 21.Rd5 b5 22.h4 gxh4 23.Bxh6 Ne5 24.Bf4 Nf3+ 25.Kg2
Ne1+ { (0.00) } 26.Kf1 { (0.00) } 26...hxg3 27.fxg3
{ 27. c4! gewinnt, sagt Hiarcs. } 27...Nf3 28.Rf5 Re6 29.Kg2 Qa6 30.Kxf3 Qc6+
31.Kf2 Qb6+ 32.Kf1 Re7 33.Qc2 Qc6 34.Rg5+ Kf8 { (-3.45) } 35.Qh7 { (+8.57) }
35...Qc4+ 36.Kg1 Re2 37.Qg8+ ( 37.Rd1 { #13 } 37...Rg2+ 38.Kxg2 Qe2+ 39.Kh3
Qxd1 40.Qg7+ Ke7 41.Qe5+ Kf8 42.Qc5+ Ke8 43.Rg8+ Kd7 44.Qxc7+ Ke6 45.Qc6+ Ke7
46.Bg5+ f6 47.Rg7+ Kf8 48.Qxf6+ Ke8 49.Qe7# ) 37...Ke7 38.Qxb8 Qxc3 39.Qxc7+
Qxc7 40.Bxc7 1-0

[Event "Pokal 2022"]
[Site "Turnierstufe"]
[Date "2022.04.29"]
[Round "Runde 1"]
[White "Reflection II 1.7 GHz Fidelity V2"]
[Black "Star Diamond"]
[Result "1-0"]
[BlackElo "2136"]
[WhiteElo "2300"]

1.e4 c5 2.Nf3 d6 3.d4 cxd4 4.Nxd4 Nf6 5.Nc3 a6 6.Bg5 e6 7.f4 Be7 8.Qf3 Qc7
9.O-O-O Nbd7 10.Be2 b5 11.Bxf6 Nxf6 12.e5 Bb7 { Buchende. } 13.exf6 Bxf3
14.Bxf3 { Buchende. } 14...d5 15.fxe7 Qxf4+ 16.Kb1 Rc8 17.Rhe1 Qf6 $2
{ (+00.34) } ( { Nach } 17...Rxc3 18.bxc3 { usw. wäre alles im Lot. } )
18.Nxd5 $1 { (+3.33) } 18...Qg5 { (-1.76) } 19.h4 { (+5.66) } 19...Qg6
{ (-4.96) } 20.Nf4 Qh6 21.Bc6+ Kxe7 22.Nf5+ Kf6 { und Aufgabe. } 1-0

[Event "Pokal 2022"]
[Site "Turnierstufe"]
[Date "2022.04.29"]
[Round "Runde 1"]
[White "Scorpio"]
[Black "Super Enterprise C"]
[Result "1-0"]
[BlackElo "1620"]
[WhiteElo "2039"]

1.e4 c5 2.Nf3 e6 { Buchende. } 3.b3 { Buchende. } 3...d5 4.exd5 exd5 5.Bb2 d4
6.Bb5+ Bd7 7.Qe2+ Qe7 8.O-O Qxe2 9.Bxe2 Bf5 $2 10.Bb5+ Nd7 11.Re1+ Ne7 12.Na3
O-O-O 13.b4 cxb4 14.Nc4 Bg6 15.Nxd4 Nf6 16.Ne5 Ned5 17.Ndf3 Nc7 18.Bd3 Bc5 $2
19.Bxg6 fxg6 20.Nf7 Rhg8 21.Nxd8 Rxd8 22.d3 Nb5 23.Rad1 Nc3 24.Bxc3 bxc3
25.Rb1 Ng4 26.d4 Bxd4 27.Re4 Bxf2+ 28.Kf1 Nxh2+ 29.Kxf2 Nxf3 30.Kxf3 Rd7
31.Rc4+ Kb8 32.Rxc3 Rf7+ 33.Ke3 Re7+ 34.Kd3 Rd7+ 35.Ke2 Re7+ 36.Re3 Rf7
37.Rf1 Rd7 38.Rf8+ Kc7 39.Rfe8 Kc6 40.R3e6+ 1-0

[Event "Pokal 2022"]
[Site "Turnierstufe"]
[Date "2022.05.01"]
[Round "Runde 1"]
[White "Constellation"]
[Black "Milano"]
[Result "0-1"]
[BlackElo "2028"]
[WhiteElo "1603"]

1.e4 c6 2.d4 d5 3.exd5 cxd5 4.c4 Nf6 5.Nc3 { Buchende. } 5...Nc6
{ Buchende. } 6.cxd5 Nxd5 7.Nxd5 Qxd5 8.Nf3 Bg4 9.Be2 Rd8 10.Qa4 e6 11.O-O
Bb4 12.a3 Be7 13.h3 Bh5 14.Rd1 O-O 15.Bc4 Qd7 16.Be2 Bxf3 17.Bxf3 Nxd4
18.Qxd7 Rxd7 19.Be3 Nxf3+ 20.gxf3 Rd5 21.Rxd5 exd5 22.Rd1 Rd8 23.Bxa7 f5
24.Kf1 Kf7 25.Bb6 Rd7 26.a4 Bf6 27.Bd4 Bxd4 28.Rxd4 Ke6 29.Ke2 Ke5 30.Kd3 g5
31.a5 f4 32.Ra4 Rc7 33.Ra1 Rc5 34.a6 bxa6 35.Rxa6 Rb5 36.Kc2 Rb7 37.b3 Kd4
38.Ra4+ Kc5 39.Ra8 Rb6 40.Ra5+ Kd4 41.Ra4+ Ke5 42.Ra1 Rh6 43.Rh1 Rc6+ 44.Kb2
d4 45.Rg1 d3 46.Rxg5+ $2 Kd4 47.Rg7 Rc2+ 48.Ka3 Rxf2 49.Rxh7 Rf1 50.Rd7+ Ke3
51.Re7+ Kf2 52.Rd7 Ke2 53.Re7+ Kxf3 54.Rd7 Ke2 55.Re7+ Kd2 56.Rf7 Kd1 57.Kb2
d2 58.h4 Ke2 59.Re7+ Kf3 60.Rd7 d1=Q 61.Rxd1 Rxd1 0-1

[Event "Pokal 2022"]
[Site "Turnierstufe"]
[Date "2022.05.02"]
[Round "Runde 1"]
[White "Vancouver 68000"]
[Black "Risc 2500 2MB"]
[Result "0-1"]
[BlackElo "2245"]
[WhiteElo "2257"]

1.Nf3 Nf6 2.g3 d5 3.Bg2 c6 4.O-O Bg4 5.d3 Nbd7 6.Nbd2 e5 { Buchende. } 7.c4
Bd6 8.cxd5 cxd5 9.h3 { Buchende. } 9...Be6 10.Nb3 h6 11.Bd2 a5 $1 12.e3 a4
13.Nc1 O-O 14.b3 axb3 15.Qxb3 Qc7 16.Rb1 Nc5 17.Qb6 e4 { Besser: 17....De7 }
18.Qxc7 Bxc7 19.Nd4 exd3 20.Bb4 b6 21.Rd1 Nfe4 22.a3 Be5 23.Nc6 Bf6 24.Nxd3
Rfc8 25.Nde5 Rc7 26.Be1 Na4 27.Rb4 Nac3 28.Bxc3 Nxc3 29.Rd2 b5 30.a4 $2
{ (-0.60) } 30...bxa4 31.Rbb2 a3 { (+6.58) } 32.Ra2 { (-4.30) } 32...Nxa2
33.Rxa2 d4 34.Ra1 d3 35.f4 d2 36.Kf2 Bb3 37.Bf3 Bxe5 38.fxe5 Rxc6 39.Bxc6
d1=Q 40.Rxd1 Bxd1 41.Bd5 a2 42.Bxa2 Rxa2+ 0-1

[Event "Pokal 2022"]
[Site "Turnierstufe"]
[Date "2022.05.04"]
[Round "Runde 1"]
[White "Super Constellation"]
[Black "Super Forte C6 sel.4"]
[Result "1-0"]
[BlackElo "2009"]
[WhiteElo "1817"]

1.e4 e5 2.Nf3 Nc6 3.Bb5 d6 4.d4 Bd7 5.Nc3 Nf6 6.Bxc6 Bxc6 7.Qd3 Nd7 8.Be3
exd4 9.Bxd4 { Buchende. } 9...f6 { Buchende. } 10.Qe3 Nb6 11.O-O Qd7 12.Bxb6
axb6 13.Nd4 Qf7 14.f4 Be7 15.Nf5 O-O 16.Qg3 Kh8 17.Nd5 Bd8 18.a3 Bd7 19.Nde3
g6 20.Nh6 Qg7 21.Nhg4 Re8 22.Qf3 $2 Bc6 { (+1.11) } 23.f5 Bxe4 24.Qh3 Bxf5
25.Nxf5 gxf5 26.Ne3 f4 27.Rxf4 f5 28.Rb4 Qe5 29.Nxf5 Qc5+ 30.Nd4 Qxb4 31.axb4
Rxa1+ 32.Kf2 Bf6 33.Ne6 Bxb2 34.Qh6 Rc1 $2 35.Ng5 $1 Rxc2+ { (-4.25) } 36.Kf3
Rc3+ 37.Kg4 Rh3 38.gxh3 { Mattankündigung. } 38...Re4+ 39.Kh5 Rh4+ 40.Kxh4
Kg8 41.Qxh7+ Kf8 42.Qf7# 1-0